000 00328nam a22001337a 4500
020 _a0070010978
040 _cNUST
082 _a006.6
_bSCH
100 _aWilliam L. Schweber
_9126057
245 _aData Communications
260 _aNew York:
_bGlencoe McGraw Hill,
_c1995..
650 _2Data Communications
942 _2ddc
_cBK
999 _c612085
_d612085